00662nam a2200229 a 4500001001300000003000900013005001700022008004100039020002200080082001700102100001600119245002300135260004600158300001000204500003500214650001900249700001600268902000800284942000700292952011600299999001700415nice12345678IN_TiNIC20260116014724.0131227s1999 pana grp 000 0 eng  a9788170585794c9000a294.522bAUR aAurobindo,  aProblem of Rebirth aPandicherry bSri Aurobindo Ashram c1999 a193p  aincludes index and biblioraphy aKarma-Hinduism1 aAurobindo,  bSRS cBK 001040708StackRoom-aHMIbHMId2013-12-27g90.00l0o294.522 AURp024273r2013-12-27v90.00w2013-12-27yBK c16643d16643